Joueur le plus séléctionné en Equipe de France - A à Z - Statistiques

Statistiques générales
  • Ce quiz a été pris 57 fois
  • Le résultat moyen est 9 sur 23
Statistiques - réponses
Lettres Réponses % Correct
Z Zinédine Zidane
89%
L Hugo Lloris
84%
T Lilian Thuram
84%
G Olivier Giroud
84%
P Paul Pogba
70%
K N'Golo Kanté
66%
V Raphaël Varane
61%
D Marcel Desailly
59%
H Thierry Henry
55%
U Samuel Umtiti
50%
W Sylvain Wiltord
50%
B Karim Benzema
48%
M Claude Makelele
27%
R Franck Ribery
23%
A Manuel Amoros
23%
E Patrice Evra
20%
C Kingsley Coman
14%
S Bacary Sagna
9%
J Christophe Jallet
7%
F Luis Fernández
7%
N Samir Nasri
5%
I Claude Ibanez
0%
O Ongenda
0%
Aucun quiz correspondant
Distribution des résultats
% des personnes avec chaque résultat
Percentile par nombre de réponses
Votre historique - résultats
Vous n’avez pas pris ce quiz